MALAYSIAN JOURNAL OF TROPICAL GEOGRAPHY (Record no. 9821)

MARC details
000 -LEADER
fixed length control field 00428nam a2200145Ia 4500
022 ## - INTERNATIONAL STANDARD SERIAL NUMBER
ISSN 0301-0554
245 #0 - TITLE STATEMENT
Title MALAYSIAN JOURNAL OF TROPICAL GEOGRAPHY
247 ## - FORMER TITLE
Title Journal of Tropical Geography
260 ## - PUBLICATION, DISTRIBUTION, ETC. (IMPRINT)
Name of publisher University of Malaya, Kuala Lumpur
Place of publication Malaysia
310 ## - CURRENT PUBLICATION FREQUENCY
Current publication frequency HY
500 ## - GENERAL NOTE
General note Ending Volume & Year: 11, 1985
500 ## - GENERAL NOTE
General note Starting Volume & Year: 1, 1980
942 ## - ADDED ENTRY ELEMENTS (KOHA)
Koha item type Bound Journal
Holdings
Withdrawn status Lost status Damaged status Not for loan Home library Current library Date acquired Accession Number Koha item type
      Bound journals RRII Library RRII Library 31/12/2021 09764J Bound Journal